000 00652nam a2200193Ia 4500
003 GCL
008 140319s9999 xx 000 0 ara d
040 _aGCL /
_cGCL
082 0 4 _aم
_b015.62
_bع ك
100 1 _aعايدة ابراهيم نصير
245 1 0 _aالكتب العربية التى نشرت فى مصر فى القرن التاسع عشر /
_cعايدة ابراهيم نصير
260 _a[S.N] :
_bقسم النشر بالجامعة الامريكية ،
_c1990
300 _a403 ص
650 0 4 _aمصر
650 0 4 _aالكتب
650 0 4 _aالببليوجرافيات
650 0 4 _aالمطبوعات
942 _2ddc
_cREF
999 _c59430
_d59430